[Event "Interpolis-02"]
[Site "Tilburg"]
[Date "1978.09.01"]
[Round "1"]
[White "Ribli, Zoltan"]
[Black "Browne, Walter Shawn"]
[Result "1-0"]
[WhiteElo "2585"]
[BlackElo "2550"]
[Annotator "Ftacnik,L"]
[PlyCount "115"]
[EventDate "1978.09.01"]
[EventType "tourn"]
[EventRounds "11"]
[EventCountry "NED"]
[EventCategory "14"]
[SourceTitle "MCL"]
[Source "ChessBase"]
[SourceDate "1999.07.01"]
[SourceVersion "1"]
[SourceVersionDate "1999.07.01"]
[SourceQuality "1"]

1. c4 Nf6 2. Nc3 c5 3. g3 g6 (3... d5) 4. Bg2 Bg7 5. e3 (5. e4) 5... O-O 6.
Nge2 e6 $5 (6... Nc6 7. d4) 7. Nf4 $5 (7. O-O d5 (7... Nc6 $5 8. Nf4) 8. cxd5
Nxd5 9. Nxd5 exd5 10. d4 cxd4 11. Nxd4 Nc6 $10) 7... Nc6 8. O-O d6 (8... Rb8 $6
) (8... a6 $6 9. d4 $1 {x Nf6}) (8... Ne7 {(/\ d7-d5)} 9. Qb3) 9. a3 (9. b3 $5)
(9. d4 $5) 9... e5 $2 (9... Bd7 10. b4 (10. d4 Na5 11. b3 Rb8 12. Bb2 a6) 10...
cxb4 11. axb4 Nxb4 12. Bxb7 Rb8 13. Bg2 Qc7) 10. Nfd5 Nxd5 11. Nxd5 $14 Be6 12.
b4 $1 cxb4 $6 (12... Rc8 {/\ b6}) 13. axb4 Bxd5 14. Bxd5 Nxb4 15. Bxb7 Rb8 16.
Bg2 (16. Rxa7 $4 Qb6) 16... Qc7 17. Qa4 $1 (17. d3 $5 e4 18. d4 Rfe8 (18... f5)
19. f3) 17... Qxc4 18. Ba3 {(/\ Rab1)} Qb5 19. Bxb4 Qxb4 20. Qxb4 Rxb4 21. Rxa7
$16 Rb2 $2 (21... Rb5 {/\ x d5}) (21... e4 $142 $1 22. Rd7 Be5 23. f4 exf3 24.
Bxf3 Rb5 25. d4 Bg7 26. Rxd6 Bh6) 22. Rd1 Bf6 23. Kf1 Re8 (23... Rc2 24. Ke2
Rfc8 25. Rb1 (25. Rd7 Rd8 $1) 25... R2c7) 24. Ke2 Re7 (24... e4 $5) 25. Ra6 $1
Rd7 26. Rc1 Be7 (26... Kg7 27. Bh3 $1 (27. Rc8 $2 d5 $1) (27. Bd5 $5) 27... Rd8
28. Rc7 {/\Be6,Raa7}) 27. Rc8+ Kg7 28. Bc6 Rd8 29. Rc7 Bf6 30. Bd5 Rf8 31. Rxd6
(31. Raa7) 31... Bd8 32. Ra7 Rb6 33. Rdd7 Rf6 34. g4 $18 h6 35. h4 g5 (35...
Kg8 36. g5 hxg5 37. hxg5 Rf5 38. Be6 $1) 36. h5 Bb6 37. Rab7 Bc5 38. f3 Bd6 39.
Kd3 Bc5 40. Ke4 Bd6 41. Bc4 $22 Ba3 (41... Bb8 42. Bxf7 $1) (41... Kg8 42. Rb6
Be7 43. Rxf6 Bxf6 44. Kf5 Bg7 45. Rxf7 Rxf7+ 46. Kg6) 42. Kxe5 Rxf3 43. Ke4 Rf2
44. d4 Bc1 45. Kd3 Rf3 46. Re7 Ba3 47. Re6 $1 Bc1 48. Ke2 Rg3 49. Rg6+ Kh8 50.
Rxh6+ Kg7 51. Rg6+ Kh8 52. Bxf7 Rxe3+ 53. Kd1 Ba3 54. Be6 Be7 $1 55. Kd2 $1 (
55. Rxe7 $2 Rf1+ 56. Kd2 Rf2+ $10) 55... Rg3 56. Bf5 Re8 57. Re6 Rg2+ 58. Ke3
1-0

[Event "Interzonal-14b"]
[Site "Szirak"]
[Date "1987.??.??"]
[Round "16"]
[White "Ljubojevic, Ljubomir"]
[Black "Adorjan, Andras"]
[Result "1/2-1/2"]
[WhiteElo "2625"]
[BlackElo "2540"]
[Annotator "Ftacnik,L"]
[PlyCount "97"]
[EventDate "1987.07.??"]
[EventType "tourn"]
[EventRounds "17"]
[EventCountry "HUN"]
[EventCategory "12"]
[SourceTitle "CBM 003"]
[Source "ChessBase"]
[SourceDate "1988.04.01"]
[SourceVersion "1"]
[SourceVersionDate "1988.04.01"]
[SourceQuality "1"]

1. c4 c5 2. g3 g6 3. d4 $5 cxd4 4. Qxd4 Nf6 5. Nc3 Bg7 6. Bg2 Nc6 7. Qd2 O-O 8.
Nh3 $2 (8. b3 d6 9. Bb2 Bd7 10. Nh3 a6 11. O-O Rb8 {/\b5=}) 8... Na5 $1 9. Qf4
$5 (9. b3 d5 $1 10. cxd5 Bxh3 11. Bxh3 Nxd5 $19) (9. c5 Nc4 10. Qd3 d5 11. cxd6
Nxd6 $15) 9... d6 10. O-O Bg4 $1 11. b3 d5 $1 12. cxd5 (12. Rd1 Qc8) 12... Qc8
$2 (12... Bxh3 13. Bxh3 Nxd5 14. Nxd5 Bxa1 15. Rd1 e6 $19) 13. Qb4 $1 Bxh3 14.
Qxa5 b6 (14... Bxg2 15. Kxg2 Ne4 16. Nxe4 Bxa1 17. Bg5 $1 Qc2 18. f3 $16) 15.
Qb4 Bxg2 16. Kxg2 a5 (16... Nxd5 $2 17. Nxd5 Qb7 18. Qe4 $18) 17. Qc4 b5 18.
Qd3 (18. Qxc8 Rfxc8 19. Nxb5 (19. Bb2 b4 20. Na4 Rc2 $1 $15) 19... Nxd5 20. Rb1
Rc2 $15) (18. Nxb5 Nxd5 19. Rb1 Qb7 $1 20. e4 $10) 18... Rd8 19. Bb2 $2 (19. e4
b4 20. Na4 Nxd5 21. exd5 Bxa1 22. Nb6 Qb7 23. Nxa8 Rxd5 24. Qe4 Qxa8 25. Bg5
Bf6 26. Bxf6 exf6 27. Rd1 Rd8 28. Qxa8 Rxa8 29. Rd5 $10) 19... b4 20. Na4 Nxd5
21. Qf3 Bxb2 22. Nxb2 Ra6 $1 23. Na4 (23. Nd3 Rf6 24. Qe4 Nc3 25. Qxe7 $2 Qc6+
26. Kg1 Re8 27. Qa7 Nxe2#) 23... Rf6 24. Qe4 Re6 25. Qf3 Qc2 26. Rfe1 Rf6 27.
Rec1 (27. Qg4 Qc6 28. Kg1 Rfd6 $15) 27... Qd2 28. Rd1 (28. Qg4 Re6 29. Kf1 Nf6
30. Qf3 Ne4 $17) 28... Qg5 29. Qe4 Re6 30. Qf3 Rxe2 $1 31. Qxe2 Nf4+ 32. Kf1
Nxe2 33. Rxd8+ Kg7 34. Re1 Nc1 35. h4 Qb5+ 36. Kg2 Qc6+ 37. Kg1 Qc2 (37... e6
$1 38. Rd2 e5 $1 39. Red1 (39. Rxe5 Nxb3 $1 $19) 39... e4 40. Rd6 Ne2+ $1 41.
Kf1 Qb5 42. R6d5 Nxg3+ 43. Kg2 (43. Kg1 Qb8 $19) 43... Qe2 44. Kxg3 Qf3+ 45.
Kh2 Qxf2+ 46. Kh3 e3 $19) 38. Rxe7 Nd3 39. Rdd7 Qxf2+ 40. Kh1 Qf3+ 41. Kh2 Qf2+
42. Kh1 Qf5 43. Rxf7+ Qxf7 44. Rxf7+ Kxf7 45. Nb6 Nc1 46. Nc4 Ke6 47. Nxa5 Kd5
48. Kg2 Ke4 49. Kh3 1/2-1/2

[Event "Biel GM 43rd"]
[Site "Biel"]
[Date "2010.07.26"]
[Round "7"]
[White "Rodshtein, Maxim"]
[Black "Howell, David"]
[Result "1/2-1/2"]
[WhiteElo "2609"]
[BlackElo "2616"]
[Annotator "Ftacnik,L"]
[PlyCount "103"]
[EventDate "2010.07.19"]
[EventType "tourn"]
[EventRounds "9"]
[EventCountry "SUI"]
[EventCategory "17"]
[SourceTitle "CBM 138"]
[Source "ChessBase"]
[SourceDate "2010.09.17"]
[SourceVersion "1"]
[SourceVersionDate "2010.09.17"]
[SourceQuality "1"]

1. Nf3 Nf6 2. c4 g6 3. Nc3 d5 4. cxd5 Nxd5 5. g3 Bg7 6. Bg2 Nxc3 7. bxc3 O-O 8.
O-O c5 9. Qa4 {The queen move hopes to present a clever alternative to the
method of fighting for the centre with pawns.} (9. d4 Nc6 10. e3 Bg4 11. h3
Bxf3 12. Bxf3 Qd7 13. Bg2 Rad8 14. Qe2 e6 15. Ba3 cxd4 16. cxd4 Rfe8 17. Rfc1
Rc8 18. Rab1 b6 19. Qb5 Nb8 20. Qxd7 Nxd7 21. Bc6 $18 {1-0 Nakamura,H (2715)
-Flermoen,P (2100)/Oslo 2009 (34)}) 9... Bd7 10. Qa3 Na6 $1 {In nominal terms
the location of the knight at the edge of the board should not be so good. In
fact it seems stronger than the obvious 10...Qc7 as it develops the piece and
preserves flexibility for the future.} (10... Qc7 11. d3 (11. Rb1 b6 12. d4
cxd4 13. cxd4 Bc6 14. Bf4 Qb7 15. Rbc1 Bd5 16. Rfe1 b5 17. Rc7 Qb6 18. Qxe7 Na6
19. Rd7 Be6 20. Rd6 Qa5 21. Rxe6 fxe6 22. Qxe6+ Kh8 23. Bd2 $18 {1-0 Milos,G 
(2620)-Olivencia,F (2229)/Sao Paulo 2005 (34)}) 11... c4 12. d4 Nc6 13. Bf4 Qa5
14. Qxa5 Nxa5 15. Bc7 b6 16. Ne5 Bxe5 17. Bxe5 Rad8 18. h3 Bc6 19. e4 Ba4 20.
Rfc1 Nc6 21. Bf4 f6 (21... e5 $1 22. dxe5 (22. Be3 exd4 23. cxd4 Nxd4 24. Rxc4
Nc2 25. Rc1 Nxe3 26. Rxa4 Nxg2 27. Rxa7 Ra8 $11) 22... Rfe8 23. Bg5 Rd3 24. f4
Rxg3 25. Kf2 Rxg5 26. fxg5 Nxe5 $11) 22. Be3 e5 23. d5 $16 {1/2-1/2 Koshy,V 
(2405)-Safarzadeh,E (2275)/Madras 1995 (58)}) 11. Rb1 (11. d4 Bc6 12. Bf4 cxd4
13. cxd4 Nc7 14. Bxc7 Qxc7 15. Rac1 Rfd8 16. e3 Qd6 17. Qxd6 Rxd6 18. Ng5 Bxg2
19. Kxg2 Ra6 20. Rc2 Rd8 21. Rfc1 Bf8 22. Ne4 b6 23. g4 f6 {1/2-1/2 Arutinian,
D (2507)-Jobava,B (2401)/Tbilisi 2006}) 11... Bc6 12. d3 Qc8 (12... Qd6 13. Be3
c4 14. Qxd6 exd6 15. Nd4 Bxg2 16. Kxg2 cxd3 17. exd3 Nc5 18. Rfd1 b6 19. c4
Bxd4 20. Bxd4 f5 {1/2-1/2 Podgaets,M-Razuvaev,Y/Odessa 1974}) 13. Bf4 {White
seems to be struggling to obtain any advantage at all. Black toys with a sound
plan of b6, allowing the improvement of the location of his pieces.} (13. Be3
b6 14. d4 (14. Qc1 Rd8 15. Nd2 Bxg2 16. Kxg2 Qc6+ 17. Kg1 Nc7 18. c4 Ne6 19.
Qc2 h5 20. Nf3 Bf6 21. a4 h4 22. a5 h3 23. axb6 axb6 $17 {0-1 Mamedov,N (2614)
-Melkumyan,H (2530)/Kavala 2009 (39)}) 14... Be4 15. Rbc1 Rd8 16. Rfe1 Qb7 17.
Qb3 e6 18. Red1 Rac8 19. Qb2 Bf8 20. Bg5 Re8 21. Ne1 Bxg2 22. Nxg2 h6 23. Be3
$11 {1/2-1/2 Riumin,N-Botvinnik,M/Leningrad 1934 (46)}) 13... b6 14. Qb3 Nc7
15. Bxc7 $5 {The long term strategic idea that deserves some attention.
Rodstein is making a long term bet on fighting the endgame with the knight
against the black bishop.} (15. Ng5 Bxg2 16. Kxg2 h6 17. Nf3 Rd8 $11) 15...
Qxc7 16. Nd2 Rfd8 17. Bxc6 Qxc6 18. a4 h5 19. Qc4 e6 20. Rb3 {Objectively the
position is balanced, but Black must be careful to avoid an endgame with his
pawn structure fixed on the dark squares.} Qd5 (20... Bh6 21. f4 (21. Nf3 Qd5
$11) 21... Bg7 22. Rfb1 Rd4 23. Qb5 Qxb5 24. axb5 Ra4 $11) 21. Qxd5 exd5 (21...
Rxd5 22. Nc4 Bf6 23. a5 bxa5 24. Nxa5 a6 25. Kg2 $14) 22. c4 Re8 (22... d4 23.
a5 Re8 24. Re1 Re6 $11) 23. e3 Rad8 24. Rfb1 Be5 {[%mdl 4096] The bishop on
the c7-square should be good enough to defendi the vulnerable b6-spot.} (24...
dxc4 25. Nxc4 Re6 26. a5 $14) 25. Kf1 Bc7 26. Ke2 d4 27. e4 Kf8 28. f4 Ke7 (
28... h4 29. Kf3 hxg3 30. hxg3 f6 $11) 29. a5 {White is ignoring the chance to
exploit the less precise move by Howell for the improvement of his structure.}
(29. e5 $5 f6 30. exf6+ Kxf6+ 31. Ne4+ Kg7 32. a5 $14) 29... bxa5 30. Rb5 Bb6
31. Nb3 Kd6 32. Nxa5 Rb8 33. R5b2 Kc7 34. Nb3 a5 35. Ra2 Ra8 36. Rba1 Ra7 37.
e5 $2 {Rodstein was probably dreaming about bringing his king or knight to e4.
The pawn advance at this moment suffers from an obvious flaw.} (37. Ra4 f6 38.
Kf3 Rea8 $11) 37... f6 $1 38. Nd2 $2 {Yet another second rate move turns the
tables, Black will be the ambitious party with a spare pawn.} (38. Rf1 $1 Kc6 (
38... fxe5 39. f5 Rf8 (39... e4 40. fxg6 exd3+ 41. Kxd3 Re3+ 42. Kd2 Kd6 43.
Rb2 a4 44. Nxd4 cxd4 45. Rxb6+ Kc5 46. Rb8 Kxc4 47. Rc8+ Kb4 48. Rf4 $16) 40.
fxg6 Rxf1 41. Kxf1 Ra8 42. Rf2 a4 43. Rf7+ Kd6 44. Rf6+ Kc7 45. Na1 e4 46. Ke2
exd3+ 47. Kxd3 a3 $14) 39. Nd2 Bd8 40. Rb2 fxe5 41. f5 gxf5 42. Rxf5 h4 43.
gxh4 Bxh4 44. Nf3 Bd8 45. Rxe5 $15) 38... fxe5 39. fxe5 Rxe5+ 40. Ne4 Rf5 41.
Rb1 Kc6 42. h3 Bc7 43. Rb5 Bb6 (43... Rb7 44. g4 Re5 45. Rxb7 Kxb7 46. Kd1 hxg4
47. hxg4 $15) 44. Ra1 (44. Rb1 $1 $11) 44... Rf8 (44... a4 45. Rb2 Rf8 46. Rba2
Rfa8 47. Rf1 Bd8 48. Kd1 $15) 45. Rb2 Raa8 46. Kd2 $2 {White is helping the
opponent with gusto, since now the danger of losing will increase dramatically.
} (46. Rb5 Ra6 47. Rb2 $15) 46... Rf3 $1 47. Kc2 Ra7 {Black was not mentally
ready to switch gear and try winning the position. Despite the compromised
bishop on b6 his chances were already very reasonable.} (47... Re8 $1 48. Rb5 (
48. Kd2 Rxe4 49. Rxb6+ Kxb6 50. dxe4 Rxg3 $19) 48... Re5 49. h4 Bc7 50. Rab1 a4
51. Ra1 Rxe4 52. dxe4 Rc3+ 53. Kd2 a3 $17) 48. Rab1 Ra6 49. Ra2 Ra7 50. Rab2
Ra6 51. Ra2 Ra7 52. Rab2 1/2-1/2

[Event "CHN-RUS Summit Men 1st"]
[Site "Shanghai"]
[Date "2001.09.10"]
[Round "4"]
[White "Rublevsky, Sergei"]
[Black "Zhang, Pengxiang"]
[Result "0-1"]
[WhiteElo "2639"]
[BlackElo "2487"]
[Annotator "Ftacnik,L"]
[PlyCount "54"]
[EventDate "2001.09.07"]
[EventType "schev"]
[EventRounds "6"]
[EventCountry "CHN"]
[SourceTitle "CBM 085"]
[Source "ChessBase"]
[SourceDate "2001.11.13"]
[SourceVersion "1"]
[SourceVersionDate "2001.11.13"]
[SourceQuality "1"]

1. e4 {Ribli. McShane} c5 2. Nf3 e6 3. c4 {Ribli: 'Das ist die
Lieblingsvariante von GM Rublevsky. In der Folge bekommen wir eine Stellung,
die im Grenzgebiet zwischen Sizilianischer Verteidigung und Englischer
Eröffnung anzusiedeln ist.'} Nc6 4. Nc3 Nf6 5. Be2 Qb6 {Ribli: 'Dieser Zug
wird selten gespielt, ist aber durchaus logisch - Schwarz bringt das Feld d4
unter seine Kontrolle. Die Hauptfortsetzung wäre natürlich 5...d5, aber 5...b6,
5...a6 und 5...e5 sind auch spielbar.'} 6. O-O (6. b3 {Ribli} d6 7. O-O Bd7 8.
Ne1 g6 9. Bb2 Bg7 10. f4 O-O 11. Bd3 a6 12. Nf3 Qc7 13. Qe2 Nh5 14. g3 Nd4 15.
Nxd4 Bxd4+ 16. Kg2 Bc6 {0-1 Borgo,G-Sax,G/Porto San Giorgio 1995/EXT 2000 (46)}
) 6... Be7 7. a3 {Ribli: 'Mit dieser Fortsetzung möchte Weiß b2-b4 vorbereiten.
Der ganze Plan ist aber sehr zweischneidig, denn Schwarz kontrolliert
eindeutig das Feld b4.'} (7. d3 {Ribli} d6 8. h3 Nd7 (8... Bd7 9. Be3 Nd4 10.
Rb1 a5 11. Qd2 O-O 12. Bd1 Bc6 13. Bxd4 cxd4 14. Ne2 e5 15. Ng3 Bd7 16. Ne1 Qb4
17. Qxb4 axb4 18. Bb3 b5 {0-1 Kosteniuk,A-Romanishin,O/Bled 1999/CBM 69 ext 
(71)}) 9. Rb1 Nde5 10. Nxe5 dxe5 11. f4 exf4 12. Bxf4 O-O 13. Qe1 Qd8 14. e5
Bg5 {1/2-1/2 Rublevsky,S-Neverov,V/2 IECC, Ohrid 2001 (50)}) 7... O-O 8. b4 {
'~~' Ribli. McShane: 'It is hard to criticise this brave move, but Zhang
Pengziang's excellent response makes it look speculative.'  Ribli: 'Weiß
opfert einen Bauern für Initiative. Es scheint mir aber fraglich, ob er dafür
ausreichende Kompensation bekommt.'} (8. Rb1 a5 (8... d6 9. b4 cxb4 10. axb4
Nxb4 11. Ba3 a5 12. d4 Qc6 $5 13. e5 dxe5 14. Nxe5 Qc7 15. Nb5 Qd8 16. Bf3 Nd7
17. Nd3 Nxd3 18. Bxe7 Qxe7 19. Qxd3 Nf6 20. c5 $36) 9. d3 d6 (9... Rd8 $5 $13 {
[%cal Gd7d5] Ribli}) 10. h3 Bd7 11. Be3 Rfc8 12. d4 cxd4 13. Nxd4 Nxd4 14. Bxd4
{'+/=' Ribli. Ribli: '1-0 Chuchelov,V-Barsov,A/Le Touquet 1997/CBM 62/
[Chuchelov] (40)'} Qd8 15. Bxf6 Bxf6 16. Qxd6 Bxc3 $6 17. bxc3 Bc6 18. Qd4 $1
Qxd4 19. cxd4 $14 {1-0 Chuchelov,V-Barsov,A/Le Touquet/1997/ (19)}) 8... cxb4
9. axb4 Bxb4 (9... Nxb4 {Ribli} 10. e5 Ne8 11. d4 $44) 10. e5 (10. Rb1 {Ribli}
d6 $15 11. d4 $2 Qa5 $17) 10... Ng4 $5 {Black is courageously aiming his
pieces towards the fight and the attempts to eliminate them will cost
Rublevsky lot of time and energy. McShane: 'If White could play d2-d4 here he
would have excellent compensation for the sacrificed pawn. Unfortunately, a
preliminary Nc3-a4 move is necessary, after which Black is able to grab the
initiative with a well-timed piece sacrifice.'} (10... Bxc3 $2 {McShane} 11.
dxc3 Ne4 (11... Ng4 12. Qd6 $44 {[%cal Gc1a3,Ga3f8]}) 12. Qc2 {'©' Ribli. is
awkward, e.g.} (12. Bd3 $44 {Ribli}) 12... Nc5 13. Be3) 11. Na4 (11. Bd3 f5 12.
exf6 Nxf6 $15) (11. Nb5 {Ribli} Ngxe5 12. Nxe5 Nxe5 $17) (11. Rb1 {Ribli} Qa5
$17) 11... Qc7 (11... Qd8 {Ribli}) 12. d4 d6 (12... f6 {Ribli} 13. h3 Nh6 14.
Bxh6 gxh6 15. exf6 Rxf6 16. c5 $44) 13. Ng5 (13. h3 dxe5 (13... Ngxe5 14. dxe5
dxe5 {is also interesting.}) (13... Nh6 {Ribli} 14. Bxh6 gxh6 15. exd6 Bxd6 16.
Nc3 $44) 14. hxg4 exd4 {'~~' Ribli. McShane: 'with three healthy pawns as
compensation for the piece, due to the trick:'} (14... Rd8 $13) 15. Nxd4 Rd8
16. Nb5 $1 (16. Be3 Ba5 $1 $17) 16... Qe5 {'!' McShane.} 17. Bb2 (17. Qc2 {
McShane} Qxa1 18. Bb2 Rd2 $1 19. Qb3 (19. Qxd2 Qxf1+) 19... Rxb2 20. Nxb2 Qa5
$19) (17. Qb3 Qxe2) 17... Rxd1 18. Bxe5 Rxf1+ 19. Kxf1 Nxe5 20. Nb6 Rb8 21.
Nxa7 Bd7 $15) (13. Ne1 dxe5 14. Bxg4 exd4 $13) 13... h6 (13... Nh6 {Ribli} 14.
Qd3 Nf5 15. g4 h6 16. gxf5 hxg5 $15) 14. Nh3 (14. Nxf7 Rxf7 15. Bxg4 dxe5 16.
d5 Nd4 $17) (14. Ne4 dxe5 15. Bxg4 (15. d5 exd5 16. cxd5 Nd4 17. Bxg4 f5 $17)
15... f5 {'=/+' Ribli.} (15... exd4 $15 {Ribli}) (15... Nxd4 $15) 16. d5 Nd4
$17) 14... dxe5 (14... Nxh2 15. Kxh2 dxe5 16. d5 (16. dxe5 {Ribli} Rd8 17. Qc2
Nd4 $15) 16... Nd4 $15) (14... h5 15. f3 Nh6 16. Bxh6 gxh6 17. f4 $13) 15. Bxg4
Nxd4 $5 {'!' McShane. '=/+' Ribli. McShane: 'Now Black has a powerful knight,
an open d-file and three pawns for the piece. The e-pawns control a lot of
squares and are in no way weak, and White's pieces are scattered. Perhaps a
computer could hold White's position together, but under severe pressure
Rublevsky crumbles quickly.'  Ribli: 'Schwarz hat drei Bauern für die Figur
und einen starken, zentralisierten Nd4. Die weißen Springer hingegen stehen
recht unglücklich.'} (15... exd4 16. f4 Rd8 $13) 16. f4 (16. Bb2 Rd8) 16... f5
17. Bh5 (17. fxe5 $2 fxg4 18. Rxf8+ Bxf8 $19) (17. Bf3 {Ribli} Rd8 (17... Nxf3+
18. Qxf3 e4 19. Qb3 $13) 18. fxe5 Qxe5 $15) 17... Rd8 18. fxe5 $2 {[%mdl 2048]
White is investing time on the wrong issue and neglects further development of
the pieces.} (18. Bb2 $1 b6 (18... Bc5 19. Nxc5 Qxc5 20. Kh1 e4 21. Qc1 $14)
19. fxe5 Qxe5 20. Kh1 Bb7 21. Rf4 Bc5 22. Nxc5 bxc5 23. Qd2 $14) 18... b5 $1 {
McShane: 'Wasting no time in getting Black's pieces to their optimal squares.'
Ribli: 'Ein überraschendes Bauernopfer - Schwarz möchte die c-Linie öffnen und
den Läufer auf b7 platzieren.'} 19. Bg6 $6 {Ribli: 'Weiß versucht in
schwieriger Stellung im Trüben zu fischen.'} (19. Nb2 Bb7 20. Kh1 Be4 $17) (19.
cxb5 Nc2 20. Qf3 Nxa1 $5 (20... Bb7 21. Qb3 Bd5 (21... Bc5+ $2 22. Nxc5 Qxc5+
23. Nf2 Nxa1 (23... Bd5 24. Qg3 Nxa1 25. Bxh6 Rd7 26. Rxa1 $16) 24. Qxe6+ Kh8
25. Bxh6 Qb6 26. Bxg7+ Kxg7 27. Qe7+ Kh6 28. Bf7 $16) 22. Qb2 Bc5+ {'!?' Ribli.
} (22... Rac8 $5 {Ribli} 23. Rb1 Qa5 $17 {[%csl Ra4]}) (22... Nxa1 23. Qxb4
Qxe5 $15) 23. Nxc5 Qxc5+ 24. Nf2 Nxa1 25. Qxa1 Qxb5 $13) 21. Qxa8 Bd7 22. Qf3
Bxb5 23. Bb2 (23. Bxh6 Bxf1 24. Qxf1 gxh6 25. Qxa1 Rd5 $17) 23... Nc2 24. Qb3
Bxf1 25. Kxf1 Qc4+ $1 26. Qxc4 Ne3+ 27. Kg1 Nxc4 $17) 19... Qxc4 {'-/+' Ribli.
Ribli: 'Schwarz hat ausgezeichnetes Figurenspiel. Weiß hingegen hat
Schwierigkeiten bei der Koordination seiner Figuren.'} (19... bxa4 20. Qxa4 (
20. Qh5 {Ribli} Nc6 $17) 20... Ne2+ 21. Kh1 Bc3 $19) 20. Kh1 {Ribli: 'Weiß
muss sich gegen 20...Ne2+ verteidigen.'} (20. Nb2 Ne2+ 21. Kh1 Rxd1 22. Rxd1
Qg4 23. Rd8+ Bf8 $19) (20. Nf4 bxa4 21. Bb2 Ba6 $19) (20. Qh5 {Ribli} Ne2+ 21.
Kh1 Ng3+ $1 22. hxg3 Qxf1+ 23. Kh2 (23. Ng1 Rd1 24. Qh2 Rxc1 $19) 23... Rd1 $19
) 20... Nc6 (20... bxa4 $19 {Ribli}) 21. Qf3 Nxe5 {'!' McShane. '-+' Ribli.}
22. Nb2 (22. Qf2 {Ribli} Nxg6 $19) 22... Nxf3 23. Nxc4 Nh4 $1 (23... Nxh2 {
Ribli} 24. Kxh2 bxc4 $19) 24. Nb6 (24. Ne5 {Ribli} Bc3 $19 {[%cal Rc3a1,Rc3e5]}
) 24... Bb7 {'!' McShane. McShane: 'White has too many hanging pieces.'} 25.
Nxa8 (25. Nf4 {Ribli} axb6 $19) 25... Bxg2+ 26. Kg1 Bxh3 {Ribli: 'Droht 27...
Bc5+ und 28...Rd1#.'} (26... Bc5+ {Ribli} 27. Nf2 (27. Rf2 Rd1#) 27... Bxf1 28.
Kxf1 Rxa8 29. Bh5 a5 $19) 27. Ba3 Bxa3 {McShane: 'When the smoke clears, White
will be several pawns up.'} (27... Bxa3 {Ribli} 28. Rxa3 Bxf1 $19) 0-1

[Event "Hoogovens op"]
[Site "Wijk aan Zee"]
[Date "1995.01.??"]
[Round "4"]
[White "Piket, Jeroen"]
[Black "Brodsky, Michail"]
[Result "1-0"]
[WhiteElo "2670"]
[BlackElo "2535"]
[Annotator "Ftacnik,L"]
[PlyCount "108"]
[EventDate "1995.01.??"]
[EventType "swiss"]
[EventRounds "12"]
[EventCountry "NED"]
[SourceTitle "CBM 046"]
[Source "ChessBase"]
[SourceDate "1995.06.01"]
[SourceVersion "1"]
[SourceVersionDate "1995.06.01"]
[SourceQuality "1"]

1. d4 {Hecht} Nf6 2. c4 e6 3. Nf3 d5 4. Nc3 c5 5. cxd5 cxd4 6. Qxd4 Nxd5 7. e4
Nxc3 8. Qxc3 Nc6 9. Bb5 Bd7 10. O-O Qb6 11. a4 Qc5 12. Qd3 Qd6 13. Qe2 Be7 (
13... a6 $5 14. Rd1 Qc7 15. Bxc6 Bxc6 16. Bg5 h6 $1 17. Be3 Bd6 18. a5 Qe7 19.
Bb6 O-O $10 {Gurevich,M-Epishin,V/Biel izt/1993/}) 14. b3 $1 Qc7 (14... O-O 15.
Ba3 Qc7 16. Bxe7 Nxe7 17. Bxd7 Qxd7 18. Rfd1 Qc7 19. Rac1 $14) 15. Bb2 O-O 16.
Rac1 (16. Rfc1 Rac8 17. Ne5 Nd4 $1 18. Qd1 Qxe5 19. Bxd4 $14) 16... a6 (16...
Qb6 $5 17. Rfd1 Rfd8 18. Nd2 $14) 17. Bxc6 Bxc6 18. Ne5 Bf6 19. Nxc6 Bxb2 20.
Qxb2 bxc6 21. Rc4 (21. Rc5 $1 a5 22. Rfc1 Ra6 23. R1c3 $14) 21... a5 22. Qc3
Ra6 23. Rc1 Rd8 24. g3 h6 25. Kg2 (25. Rxc6 $2 Rxc6 26. Qxc6 Rd1+ $1 27. Kg2
Rxc1 $19) 25... Rd6 26. Rc5 (26. e5 Rd5 $132) 26... Qd8 27. Qc4 Qa8 28. h4 $1
Rb6 29. Rc3 Qa6 (29... Rb4 30. Qe2 Qb7 31. Qc2) 30. Qxa6 Rxa6 31. f4 Kf8 $2 (
31... Rd2+ 32. Kf3 Rb2 33. Ke3 Kf8 34. Kd4 $14) 32. e5 Rd2+ 33. Kh3 Rb2 (33...
h5 34. Rxc6 Rxc6 35. Rxc6 Rb2 36. Rb6 g6 37. Rb5 Kg7 38. g4 $16) 34. h5 $1 Kg8
35. Rxc6 Rxc6 36. Rxc6 Rxb3 37. Ra6 Rb7 38. Rxa5 Kh7 39. Ra8 g6 40. a5 Rb3 41.
a6 Ra3 {Hecht: Die aktive sR stellung hinter dem Freibauern sollte dem
Schawrzen das Remis sichern.} 42. a7 Kg7 $2 $19 {Hecht: Der entscheidende
Fehler, jetzt wird der Pe6 schwach.} (42... gxh5 $142 $1 $10 43. Kh4 Ra1 (43...
Kg7 44. Kxh5 Kh7 45. Kh4 Kg7 46. g4 Kh7 (46... Ra4 47. Kg3 Kh7 48. f5 Kg7 49.
fxe6 fxe6 50. Kf3 Ra1 51. Ke4 Ra4+ 52. Kd3 Kh7 53. Kc3 Kg7 54. Kb3 Ra1 55. Kb4
Kh7 56. Kc5 Kg7 57. Kd6 Ra6+ 58. Ke7 Kh7 59. Kf7 $18) 47. f5 Kg7 48. f6+ (48.
fxe6 fxe6 49. g5 hxg5+ 50. Kxg5 Ra4 51. Kh5 Kh7 $10) 48... Kh7 49. g5 hxg5+ 50.
Kxg5 Ra4 51. Kh5 Ra1 52. Kg4 $18 {Weiss gewinnt wegen der Schwäche f7: xf7})
44. Kxh5 Rh1+ 45. Kg4 Ra1 46. Kf3 (46. Kh3 $18) 46... h5 47. Kg2 Kg7 48. Kh3
Rh1+ 49. Kg2 Ra1 50. Kh2 Kh7 51. Kg2 Kg7 52. Kf3 Ra2 53. Ke4 Ra5 54. Kd4 Kh7
55. Kc4 Kg7 56. Kb4 Ra1 57. Kc5 Ra2 58. Kd6 Ra1 59. Ke7 Ra2 $10) 43. hxg6 fxg6
44. Kg2 h5 45. Kf2 Kh7 46. Ke2 Kg7 47. Kd2 Kh7 48. Kc2 Kg7 49. Kb2 Ra6 50. Kb3
Ra1 51. Kb4 Kh7 52. Kc5 Ra6 53. Kb5 Ra1 54. Kc6 Ra2 (54... Ra6+ 55. Kb7 $18) (
54... Ra2 55. Rd8 (55. Kd6 {Hecht} Ra6+ 56. Kd7 $1 Kg7 57. Ke7 Kh7 58. Kf7 $18)
55... Rxa7 56. Rd7+ Rxd7 57. Kxd7 $18) 1-0